<?xml version="1.0" encoding="UTF-8"?>
<record
    xmlns:xsi="http://www.w3.org/2001/XMLSchema-instance"
    xsi:schemaLocation="http://www.loc.gov/MARC21/slim http://www.loc.gov/standards/marcxml/schema/MARC21slim.xsd"
    xmlns="http://www.loc.gov/MARC21/slim">

  <leader>00808nam a22002417a 4500</leader>
  <controlfield tag="005">20240530104441.0</controlfield>
  <datafield tag="010" ind1=" " ind2=" ">
    <subfield code="a">ENG-139532 ENG-140542</subfield>
  </datafield>
  <datafield tag="020" ind1=" " ind2=" ">
    <subfield code="a">9788181715715</subfield>
    <subfield code="c">2250.00</subfield>
  </datafield>
  <datafield tag="035" ind1=" " ind2=" ">
    <subfield code="a">EN-123064</subfield>
  </datafield>
  <datafield tag="035" ind1=" " ind2=" ">
    <subfield code="a">EN-124074</subfield>
  </datafield>
  <datafield tag="037" ind1=" " ind2=" ">
    <subfield code="b">DBAD</subfield>
  </datafield>
  <datafield tag="082" ind1=" " ind2=" ">
    <subfield code="a">577.68095487</subfield>
    <subfield code="2">1</subfield>
  </datafield>
  <datafield tag="100" ind1=" " ind2=" ">
    <subfield code="a">Chandra, Kailash</subfield>
    <subfield code="9">67078</subfield>
  </datafield>
  <datafield tag="245" ind1=" " ind2=" ">
    <subfield code="a">Faunal Diversity of Biogeographic Zones of India:</subfield>
    <subfield code="b">Semi Arid/</subfield>
    <subfield code="c">By Kailash Chandra; Devanshu Gupta and C.Raghunathan</subfield>
  </datafield>
  <datafield tag="250" ind1=" " ind2=" ">
    <subfield code="a">1</subfield>
  </datafield>
  <datafield tag="260" ind1=" " ind2=" ">
    <subfield code="a">Kolkata</subfield>
    <subfield code="b">Zoological Survey of India</subfield>
    <subfield code="c">2021</subfield>
  </datafield>
  <datafield tag="270" ind1=" " ind2=" ">
    <subfield code="a">M-Block, New Alipore </subfield>
    <subfield code="b">Kolkata </subfield>
    <subfield code="e">700053</subfield>
  </datafield>
  <datafield tag="300" ind1=" " ind2=" ">
    <subfield code="a">253p.</subfield>
    <subfield code="c">30cm(hbk)</subfield>
    <subfield code="b">Includes Index</subfield>
  </datafield>
  <datafield tag="700" ind1=" " ind2=" ">
    <subfield code="a">Gupta, Devanshu </subfield>
    <subfield code="e">Author</subfield>
    <subfield code="9">62786</subfield>
  </datafield>
  <datafield tag="700" ind1=" " ind2=" ">
    <subfield code="a">Raghunathan, C.</subfield>
    <subfield code="e">Author</subfield>
    <subfield code="9">62787</subfield>
  </datafield>
  <datafield tag="942" ind1=" " ind2=" ">
    <subfield code="2">ddc</subfield>
    <subfield code="h">577.68095487</subfield>
    <subfield code="c">EN</subfield>
    <subfield code="m">CHA</subfield>
    <subfield code="e">1</subfield>
  </datafield>
  <datafield tag="999" ind1=" " ind2=" ">
    <subfield code="c">201218</subfield>
    <subfield code="d">201218</subfield>
  </datafield>
  <datafield tag="952" ind1=" " ind2=" ">
    <subfield code="0">0</subfield>
    <subfield code="1">0</subfield>
    <subfield code="4">0</subfield>
    <subfield code="7">1</subfield>
    <subfield code="8">REF</subfield>
    <subfield code="a">AV</subfield>
    <subfield code="b">AV</subfield>
    <subfield code="d">2024-03-05</subfield>
    <subfield code="e">DBAD</subfield>
    <subfield code="g">2250.00</subfield>
    <subfield code="l">0</subfield>
    <subfield code="o">577.68095487 CHA</subfield>
    <subfield code="p">EN-123064</subfield>
    <subfield code="r">2024-03-05 00:00:00</subfield>
    <subfield code="t">1</subfield>
    <subfield code="v">2250.00</subfield>
    <subfield code="w">2024-03-05</subfield>
    <subfield code="y">EN</subfield>
  </datafield>
  <datafield tag="952" ind1=" " ind2=" ">
    <subfield code="0">0</subfield>
    <subfield code="1">0</subfield>
    <subfield code="4">0</subfield>
    <subfield code="7">1</subfield>
    <subfield code="8">REF</subfield>
    <subfield code="a">DBAD</subfield>
    <subfield code="b">DBAD</subfield>
    <subfield code="d">2024-05-30</subfield>
    <subfield code="e">DBAD</subfield>
    <subfield code="g">2250.00</subfield>
    <subfield code="l">0</subfield>
    <subfield code="o">577.68095487 CHA</subfield>
    <subfield code="p">EN-124074</subfield>
    <subfield code="r">2024-05-30 00:00:00</subfield>
    <subfield code="t">1</subfield>
    <subfield code="v">2250.00</subfield>
    <subfield code="w">2024-05-30</subfield>
    <subfield code="y">EN</subfield>
  </datafield>
</record>
